000 00434nam a22001697a 4500
005 20260130135534.0
008 170916b xxu||||| |||| 00| 0 eng d
020 _a978-0-07-015134-5
041 _aeng
082 _a624.183
100 _aZEID, IBRAHIM AND SIVASUBRAMANIAN, R.
_93922
245 _aCAD/CAM THEORY AND PRACTICE
250 _a2nd
260 _aNEW DELHI
_bMc GRAW HILL EDUCATION
_c1991
300 _a813p.
942 _cBK
999 _c5565
_d5563